000 00882nam a2200253Ia 4500
003 OSt
005 20220923223630.0
006 a|||||r|||| 00| 0
007 ta
008 220922b |||||||| |||| 00| 0 hin d
024 _a219,192
037 _cTextual
040 _aARTS
_cARTS
_bhin
041 _2hin
_ahin
082 _aO152,1N661x, P2
100 _aशर्मा, राजेश
_9156290
245 0 _aआसमानों से गात चली आती है (कविता संग्रह)
246 _aĀsamānoan se gāt chalī ātī hai (kavitā sangraha)
260 _aदिल्ली
_b ईशा ज्ञानदीप
_c2002
300 _a100i`
_ccm.
650 _aहिन्दी साहित्य
_9156264
942 _hO152,1N661x, P2
_cTEXL
_2CC
999 _c366512
_d366512